Je potrebné obnoviť tradíciu veľkej ceny Rožňavy v džude

Bibliographic Details
Main Authors: Leitmann, Štefan (Author), Kmeť, Marek (Author)
Format: Article
Language:Slovak
PhysicalDescription:1 foto
Subjects:

MARC

LEADER 00000nab a2200000 a 4500
001 vtls001004838
003 SK-MaSNL
005 20260303041557.0
008 040720e19980929xo 0 slo
035 |a RV5438 
040 |a RVGKPD  |b slo  |c RVGKPD  |e AACR2 
041 0 |a slo 
044 |a xo  |c SK 
080 |a 796.85  |2 1981 
100 1 |a Leitmann, Štefan  |4 aut  |9 496364 
245 1 0 |a Je potrebné obnoviť tradíciu veľkej ceny Rožňavy v džude 
300 |b 1 foto 
650 0 7 |a džudo  |2 RVGKPD  |9 3273 
651 7 |a Rožňava (Slovensko)  |2 RVGKPD  |9 17394 
700 1 |a Kmeť, Marek  |4 aut  |9 396621 
773 0 8 |t Zora Gemera  |g Roč. 6, č.39, 29.9.1998, s. 6 
852 |a ZVYKNI  |b KIS3GCP 
999 |c 1687707  |d 1689637